00807nam a22002297a 450000500170000001000150001702000270003203500140005903700130007308200110008624501060009726000540020327000530025730000270031050000200033770000160035770000150037370000200038894200250040899900190043395201250045220161110165918.0 aENG-116518 a9789350980514c1500.00 aEN-100050 bDBAD/PUB a328.54 aThe Indian Parliament :cedited by B.D. Dua, M.P. Singh [and] Rekha Saxenabthe changing landscape / aNew DelhibManohar Publisher & Distributorsc2014 a4753/23 Ansari Road,DaryaganjbNew Delhie110002 a539p.:c22cm (Hb)bill aIncludes index a Dua, B.D. aM.P. Singh a Saxena, Rekha 2ddccENh328.54mIND c104586d104586 001040718NFICaDBADbBNd2016-11-10eDBAD/PUBg1500.00l0o328.54 INDpEN-100050r2016-11-10 00:00:00t1v1500.00yEN